Aktuálne trendy v oblasti veľkých dát a v umelej inteligencii bakalárska práca

Gespeichert in:
Bibliographische Detailangaben
1. Verfasser: Šárkan, Igor
Körperschaft: Fakulta hospodárskej informatiky EU. Katedra matematiky a aktuárstva
Weitere Verfasser: Kaderová, Andrea
Format: Buch
Sprache:Slowakisch
Veröffentlicht: Bratislava 2021
Tags: Tag hinzufügen
Keine Tags, Fügen Sie das erste Tag hinzu!

MARC

LEADER 00000nbm a2200000 4500
001 0278270
005 20220311132426.2
041 0 |a slo 
044 |a SK 
245 1 0 |a Aktuálne trendy v oblasti veľkých dát a v umelej inteligencii  |b bakalárska práca  |c Igor Šárkan ; školiteľ: Andrea Kaderová 
264 1 |a Bratislava  |c 2021 
300 |a 37 s. 
100 1 |a Šárkan, Igor 
700 1 |a Kaderová, Andrea 
710 2 |a Fakulta hospodárskej informatiky EU. Katedra matematiky a aktuárstva